00546nam a22001817i 45000010005000000030004000050050017000090070003000260080041000290240014000700240020000840400008001040410008001122450050001202600038001701100100002084900056003086270OSt20181025131709.0tu161220s1993 xxu||||| |||| 00| 0 eng d7 a62702RID7 a62702RSN (alt) cOSt aeng00aThe Economic and Financial Situation in Italy aBrussels :bECSC-EEC-EAEC,c1993.2 aCommission of the European Communities - Directorate-General for Economic and Financial Affairs aEuropean Economy. Reports and Studiesv1x0379-0991